000 00651nam a2200241Ia 4500
003 OSt
005 20221005113942.0
006 a|||||r|||| 00| 0
007 ta
008 221004b |||||||| |||| 00| 0 eng d
024 _a38047
037 _cTextual
040 _aCRL
_cCRL
_beng
041 _2eng
_aeng
082 _aO:2J64:44, K2
100 _aShakespeare William
245 0 _aAll's well that ends well ed by G K Hunter
260 _c1962
490 _aShakespeare,William, Works, Arden edition
650 _aENGLISH LITERATURE
942 _hO:2J64:44, K2
_cTEXL
_2cc
999 _c1029847
_d1029847